Statistics for City Profile: Washington, DC

Click here to take the quiz!

General Stats

  • This quiz has been taken 19 times
    (11 since last reset)
  • The average score is 22 of 28

Answer Stats

HintAnswer% Correct
Georgetown
100%
Maryland
100%
Major RiversPotomac
100%
Bordering StatesVirginia
100%
NHL TeamWashington Capitals
100%
NFL TeamWashington Commanders
100%
President's ResidenceWhite House
100%
Major UniversitiesAmerican
91%
George Washington
91%
MLB TeamWashington Nationals
91%
NBA TeamWashington Wizards
91%
Anacostia
82%
Dulles International Airport
82%
MayorMuriel Bowser
82%
Reagan National Airport
82%
Major park that divides much of the cityRock Creek Park
82%
Largest NewspaperWashington Post
82%
Major Airports (Including one shared with another city)Baltimore-Washington International Airport
73%
Where the NFL team playsFedEx Field
73%
Saying printed on license platesTaxation Without Representation
73%
Tallest BuildingWashington Monument
73%
Where the NBA and NHL teams playCapital One Arena
64%
Frenchman who designed the basic plan for the cityPierre Charles L'Enfant
64%
Now-defunct multi-purpose stadiumRobert F. Kennedy Stadium
64%
Howard
55%
Commonly used regional condimentMumbo Sauce
55%
Popular DC music genreGo-go
45%
Free African-American who surveyed the land the city was built onBenjamin Banneker
9%

Score Distribution

Percentile by Number Answered

Percent of People with Each Score

Your Score History

You have not taken this quiz since the last reset